000 01047nam a2200301 i 4500
003 EG-GICUC
005 20260121101526.0
008 251220s1906 fr ||||fr|||| 000 0 fre d
040 _aEG-GiCUC
_bfre
_cEG-GiCUC
_dEG-GiCUC
_eRda
041 _afre
082 0 4 _221
_a341.851
_bWE . S
092 0 4 _221
099 _aLaw1 12 341.851WE . S 1906
100 1 _aWeill, Louis
_d1866-
_eAuteur
245 1 4 _aLes Sentences Arbitrales en Droit International Privé /
_cLouis Weill.
264 1 _aParis :
_bDe la Société du Recueil J.-B. Sirey, & du Journal du Palais Ancienne,
_c1906.
300 _a310 pages ;
_c24 cm .
336 _2rda contenu
_a texte
337 _2rda medias
_aOrdinateur
338 _2 transporteur rda
_a Ressource en ligne
504 _aInclude Bibliography And Bibliographic references
546 _aTexte en français
650 1 4 _aArbitrage international
_xDroit international privé
651 1 _2qrmak
856 4 0 _uhttps://fll.law.cu.edu.eg/fulltext/bks/B12-01670pdf
905 _a75
942 _2ddc
_n0
_cBK
_e21
999 _c51799
_d51799